| 000 | 00381cam a2200145ua 4500 | ||
|---|---|---|---|
| 041 |
_aeng _h |
||
| 082 |
_a828.09 _bGIT/MA |
||
| 100 | _aGittings, Robert . | ||
| 245 |
_aMask of Keats: A study of problems / _cRobert Gittings. _hTextual Documents |
||
| 260 |
_aMelbourne : _bWilliam Heinemann Ltd , _c1956. |
||
| 300 | _a ; . | ||
| 504 | _a | ||
| 942 | _cBK | ||
| 999 |
_c12671 _d12671 |
||